[Event "Schleswig Holstein-ch U16"]
[Site "Neumuenster"]
[Date "2014.04.24"]
[Round "5"]
[White "Giede, Anna Blume"]
[Black "Janke, Luisa"]
[Result "1-0"]
[WhiteElo "1372"]
[BlackElo "1348"]
[PlyCount "51"]
[EventDate "2014.04.??"]
[EventType "swiss"]
[EventRounds "9"]
[EventCountry "GER"]
[SourceTitle "EXT 2022"]
[Source "ChessBase"]
[SourceDate "2021.10.06"]
[SourceVersion "1"]
[SourceVersionDate "2021.10.06"]
[SourceQuality "1"]

1. e4 c6 2. d4 d5 3. exd5 cxd5 4. c4 Nf6 5. Nc3 Nc6 6. Nf3 e6 7. c5 Be7 8. Bb5 Bd7 9. 0-0 0-0 10. Bf4 a6 11. Bd3 b6 12. Na4 bxc5 13. Nxc5 Bxc5 14. dxc5 Qa5 15. Bd6 Rfc8 16. a3 Ne4 17. Bxe4 dxe4 18. Ng5 f5 19. Qh5 h6 20. Qf7+ Kh8 21. Qxd7 hxg5 22. Qxe6 Nd4 23. Qf7 Qd8 24. Be5 Ne2+ 25. Kh1 Qg8 26. Qh5+ 1-0

[Event "GER-chT U14 Girls"]
[Site "Magdeburg"]
[Date "2013.12.28"]
[Round "3.4"]
[White "Bashylina, Luisa"]
[Black "Janke, Luisa"]
[Result "0-1"]
[WhiteElo "891"]
[BlackElo "1401"]
[PlyCount "50"]
[EventDate "2013.12.27"]
[EventType "team-swiss"]
[EventRounds "4"]
[EventCountry "GER"]
[SourceTitle "EXT 2015"]
[Source "ChessBase"]
[SourceDate "2014.11.20"]
[SourceVersion "1"]
[SourceVersionDate "2014.11.20"]
[SourceQuality "1"]
[WhiteTeam "Solingen"]
[BlackTeam "Harksheide"]
[WhiteTeamCountry "GER"]
[BlackTeamCountry "GER"]

1. e4 c6 2. Nc3 d5 3. Qf3 dxe4 4. Nxe4 Nf6 5. Bc4 Nbd7 6. d3 Ne5 7. Qf4 Nxc4 8. Nxf6+ exf6 9. Qxc4 Be6 10. Qe4 Bd6 11. f4 0-0 12. Be3 Bd5 13. Qf5 Bxg2 14. Qg4 Bxh1 15. f5 Re8 16. Qh3 Bc5 17. Kd2 Bxe3+ 18. Kd1 Bxg1 19. Kd2 Be3+ 20. Kd1 Qb6 21. Ke2 Bd4+ 22. Kd2 Bd5 23. Kd1 Qxb2 24. Rc1 Bc3 25. a3 Re1# 0-1

[Event "Hamburg St Pauli op-B"]
[Site "Hamburg"]
[Date "2013.07.06"]
[Round "1"]
[White "Janke, Luisa"]
[Black "Riess, Alexander"]
[Result "0-1"]
[WhiteElo "1271"]
[BlackElo "1678"]
[PlyCount "38"]
[EventDate "2013.07.06"]
[EventType "swiss"]
[EventRounds "9"]
[EventCountry "GER"]
[SourceTitle "EXT 2014"]
[Source "ChessBase"]
[SourceDate "2013.11.20"]
[SourceVersion "1"]
[SourceVersionDate "2013.11.20"]
[SourceQuality "1"]

1. d4 Nf6 2. Nf3 g6 3. Bf4 Bg7 4. c3 0-0 5. Nbd2 d6 6. e3 Nbd7 7. Bd3 c5 8. 0-0 b6 9. Ne4 Bb7 10. Nxf6+ Nxf6 11. Re1 cxd4 12. exd4 Rc8 13. Qe2 e6 14. Rad1 Nh5 15. Bd2 Re8 16. Bb5 Rf8 17. Bg5 Bxf3 18. Qxf3 Qxg5 19. Re4 Qxb5 0-1

[Event "GER-chT North U14 Girls"]
[Site "Guestrow"]
[Date "2012.09.08"]
[Round "3.4"]
[White "Mushket, Aleksandra"]
[Black "Janke, Luisa"]
[Result "0-1"]
[WhiteElo "913"]
[BlackElo "1173"]
[PlyCount "91"]
[EventDate "2012.09.07"]
[EventType "team-swiss"]
[EventRounds "5"]
[EventCountry "GER"]
[SourceTitle "EXT 2015"]
[Source "ChessBase"]
[SourceDate "2014.11.20"]
[SourceVersion "1"]
[SourceVersionDate "2014.11.20"]
[SourceQuality "1"]
[WhiteTeam "Luebeck"]
[BlackTeam "Harksheide"]
[WhiteTeamCountry "GER"]
[BlackTeamCountry "GER"]

1. e4 c6 2. Nf3 d5 3. exd5 cxd5 4. d4 Nc6 5. Nc3 Nf6 6. Bg5 Qb6 7. Bb5 Bd7 8. Bxf6 exf6 9. Qe2+ Be7 10. Nxd5 Qd8 11. 0-0 0-0 12. Bxc6 Bxc6 13. Nxe7+ Kh8 14. Nxc6 bxc6 15. Rad1 Qd5 16. c4 Qd6 17. Rfe1 Rad8 18. Nh4 g6 19. Qe7 Qxe7 20. Rxe7 a6 21. d5 cxd5 22. cxd5 Rd6 23. b4 Rc8 24. f4 Rc4 25. f5 Rxh4 26. a3 Kg7 27. fxg6 hxg6 28. Rc7 Rh5 29. Rc6 Rdxd5 30. Rxd5 Rxd5 31. Rxa6 Rd1+ 32. Kf2 Ra1 33. a4 Ra2+ 34. Kg3 Ra3+ 35. Kf4 Rb3 36. Rb6 Rb2 37. a5 Rxg2 38. a6 f5 39. a7 Ra2 40. Rb7 Kf6 41. b5 g5+ 42. Kg3 f4+ 43. Kg4 Kg6 44. Rb6+ f6 45. Ra6 Rxh2 46. a8Q 0-1

[Event "GER-ch U25 op-B"]
[Site "Oberhof"]
[Date "2012.06.02"]
[Round "9"]
[White "Janke, Luisa"]
[Black "Hacklinger, Leon"]
[Result "1-0"]
[WhiteElo "1154"]
[BlackElo "877"]
[PlyCount "82"]
[EventDate "2012.05.27"]
[EventType "swiss"]
[EventRounds "9"]
[EventCountry "GER"]
[SourceTitle "CBM 148 Extra"]
[Source "ChessBase"]
[SourceDate "2012.06.22"]
[SourceVersion "1"]
[SourceVersionDate "2012.06.22"]
[SourceQuality "1"]

1. e4 e6 2. d4 d5 3. exd5 exd5 4. Nd2 Nc6 5. Ngf3 Bd6 6. Nb3 Bg4 7. Be2 Nf6 8. 0-0 0-0 9. h3 Bh5 10. Bg5 h6 11. Bh4 Be7 12. Ne5 Bxe2 13. Qxe2 Qd6 14. Bg3 Nxe5 15. dxe5 Qe6 16. Nd4 Qb6 17. exf6 Bxf6 18. Nf5 Rfe8 19. Qg4 Bxb2 20. Rab1 Qf6 21. Bh4 Qc3 22. Rfd1 Qxc2 23. Ne3 Qc3 24. Nxd5 Qe5 25. Nf6+ Kh8 26. Nxe8 Rxe8 27. Rd8 Rxd8 28. Bxd8 c5 29. Qc8 Qe4 30. Bf6+ Kh7 31. Rxb2 gxf6 32. Qxb7 Qe1+ 33. Kh2 Kg6 34. Qf3 Qe5+ 35. Qg3+ Qxg3+ 36. fxg3 Kf5 37. Rb5 Ke6 38. Rxc5 Kd6 39. Rh5 Kc7 40. Rxh6 Kb7 41. Rxf6 a5 1-0

[Event "GER-ch U25 op-B"]
[Site "Oberhof"]
[Date "2012.05.29"]
[Round "4"]
[White "Muedder, Melanie"]
[Black "Janke, Luisa"]
[Result "0-1"]
[WhiteElo "761"]
[BlackElo "1154"]
[PlyCount "56"]
[EventDate "2012.05.27"]
[EventType "swiss"]
[EventRounds "9"]
[EventCountry "GER"]
[SourceTitle "CBM 148 Extra"]
[Source "ChessBase"]
[SourceDate "2012.06.22"]
[SourceVersion "1"]
[SourceVersionDate "2012.06.22"]
[SourceQuality "1"]

1. e4 c6 2. d4 d5 3. Nc3 dxe4 4. Nxe4 Bf5 5. Nc3 Nf6 6. Nf3 Nbd7 7. Bc4 e6 8. Bg5 Bb4 9. a3 Ba5 10. 0-0 h6 11. Bh4 Qb6 12. b4 Bxb4 13. axb4 Qxb4 14. Qd2 Qxc4 15. Ra4 Ne4 16. Qe1 Qxc3 17. Qb1 b5 18. Ra6 g5 19. Qa2 0-0 20. Rxa7 Rxa7 21. Qxa7 e5 22. dxe5 gxh4 23. Nxh4 Qxe5 24. Nxf5 Qxf5 25. Rd1 Ndc5 26. f3 Nc3 27. Rd6 Qe5 28. Rxc6 Qe1# 0-1